Регионална библиотека "Любен Каравелов" - Русе

Baba Marta (Запис номер 425250)

MARC детайли
000 -Лидер
Контролно поле с фиксирана дължина nam a22 a 4500
003 - Код на организацията, давaща контролен номер
Контролно поле BLK
005 - Дата и час на последна редакция
Контролно поле 20210726105615.0
008 - Елементи от данни с фиксирана дължина
fixed length control field 210726b bu |||||r|||| 00| | bu d
020 ## - Международен стандартен номер на книга ISBN
Международен стандартен номер на книга ISBN 9786191884360
040 ## - Източник на каталожния запис
Идентификатор на билиотеката - собственик на записа BLK
041 ## - Код за език
Код за езика на текст/звукозапис или на отделно заглавие Английски
Код за езика КДБФ Английски
080 ## - УДК
Текстов определител УДК Американска литература (на САЩ)
УДК код - определител по УДК 821.111(73)
УДК определител -93-32
УДК - код + определител 821.111(73)-93-32
100 ## - Редна дума - Автор
R(LIN) 1299
Автор Linnea, Anna
Авторска отговорност първи автор
139 ## - Редно поле
Редна дума Linnea, Anna
245 ## - Сведения за заглавието
Заглавие Baba Marta
Редно поле (дума) Anna Linnea ; ill. Olga Poljakowa
260 ## - Област на издателските данни
9 (RLIN) 219492
Място на издаване, разпространение и проч. Sofia
Име на издателя, разпространителя и проч. Изд. авт.
Година на издаване 2020
Издателство - префикс ISBN 978-619-90615- ; 978-619-188- ; 978-954-799-
300 ## - Физическа характеристика
Страници 34 с.
Илюстрации и др. с цв. ил.
Размери/Мащаб 26 x 26 см
380 ## - Жанр
Жанр Детска худож. лит.
700 ## - Други автори (авторска отговорност)
9 (RLIN) 130
Лично име Poljakowa, Olga
Автороска отговорност (Описва отношението между автора и произведението) ill.
Пълна форма на името Полякова, Олга
852 ## - Местоположение
Форматна сигнатура Цб ІІ 30175
999 ## - СИСТЕМНИ КОНТРОЛНИ НОМЕРА
Koha biblionumber 425250
Koha biblioitemnumber 425250
942 ## - АРТИКУЛИ
Вид на библиотечния материал Книги
Скрит в OPAC Не
Периодичен библиозапис Да
944 ## - СЪЗДАВАНЕ И РЕДАКЦИЯ на ЗАПИСА
Създаване/Редакция Създаване
Дата на регистрацията/редакция 2021-07-26
Служител, извършил регистрацията/редакцията ВР
Наличности
Код за отписване Код за изгубен артикул Източник на класификационната схема Код за повреда Коз за рестрикции Код за отдаване Артикулен № Име на библиотеката - собственик Име на библиотеката, в която се намира в момента Статус (Текущо местоположение) Дата на вписване в системата Местоположение - отдел Цена в лева Систематично азбучна сигнатура Баркод Цена в евро Служебен тип на артикула
  Не е изгубен Universal Decimal Classification Не е повреден само за читалня ползва се в читалня 844958 Регионална библиотека "Любен Каравелов" Русе Регионална библиотека "Любен Каравелов" Русе Хранилище 2021-07-28 Хранилище 10.00 Цб ІІ 30175 120000858091 5.11 Книги
Vip Innovations Ltd, Rousse, Bulgaria 2025